[Event "Hessen-ch Seniors op 12th"]
[Site "Bad Sooden-Allendorf"]
[Date "2016.05.08"]
[Round "8"]
[White "Liebert, Heinz"]
[Black "Zunker, Reinhard"]
[Result "1/2-1/2"]
[WhiteElo "2184"]
[BlackElo "2118"]
[PlyCount "28"]
[EventDate "2016.04.30"]
[EventType "swiss"]
[EventRounds "9"]
[EventCountry "GER"]
[SourceTitle "EXT 2019"]
[Source "ChessBase"]
[SourceDate "2018.10.10"]
[SourceVersion "1"]
[SourceVersionDate "2018.10.10"]
[SourceQuality "1"]

1. Nf3 c5 2. g3 Nc6 3. Bg2 g6 4. 0-0 Bg7 5. c4 e5 6. Nc3 Nge7 7. d3 d6 8. Ne1 Be6 9. Nd5 0-0 10. Nc2 Rb8 11. Bd2 h6 12. b4 Nd4 13. e4 Nxc2 14. Qxc2 Nc6 1/2-1/2

[Event "Hessen-ch Seniors op 12th"]
[Site "Bad Sooden-Allendorf"]
[Date "2016.05.06"]
[Round "7"]
[White "Haase, Wolfgang"]
[Black "Liebert, Heinz"]
[Result "1/2-1/2"]
[WhiteElo "2127"]
[BlackElo "2184"]
[PlyCount "37"]
[EventDate "2016.04.30"]
[EventType "swiss"]
[EventRounds "9"]
[EventCountry "GER"]
[SourceTitle "EXT 2019"]
[Source "ChessBase"]
[SourceDate "2018.10.10"]
[SourceVersion "1"]
[SourceVersionDate "2018.10.10"]
[SourceQuality "1"]

1. e4 c5 2. c3 Nf6 3. e5 Nd5 4. d4 cxd4 5. Nf3 Nc6 6. Bc4 Nb6 7. Bb3 d5 8. exd6 Qxd6 9. cxd4 Be6 10. 0-0 Bxb3 11. Qxb3 e6 12. Nc3 Qb4 13. Qd1 Be7 14. a3 Qc4 15. Be3 0-0 16. Rc1 Nd5 17. Qe2 Qxe2 18. Nxe2 Bf6 19. Bg5 1/2-1/2

[Event "Hessen-ch Seniors op 12th"]
[Site "Bad Sooden-Allendorf"]
[Date "2016.05.03"]
[Round "4"]
[White "Liebert, Heinz"]
[Black "Hunold, Rolf"]
[Result "1-0"]
[WhiteElo "2184"]
[BlackElo "2104"]
[PlyCount "84"]
[EventDate "2016.04.30"]
[EventType "swiss"]
[EventRounds "9"]
[EventCountry "GER"]
[SourceTitle "EXT 2019"]
[Source "ChessBase"]
[SourceDate "2018.10.10"]
[SourceVersion "1"]
[SourceVersionDate "2018.10.10"]
[SourceQuality "1"]

1. c4 c5 2. Nf3 Nf6 3. Nc3 Nc6 4. d4 cxd4 5. Nxd4 g6 6. e4 d6 7. Be2 Bg7 8. Be3 0-0 9. 0-0 Bd7 10. Qd2 Rc8 11. f3 a6 12. Rfd1 Re8 13. Rac1 Qa5 14. Nb3 Qh5 15. Na4 Be6 16. Nb6 Rcd8 17. Nd5 Bc8 18. Bb6 Rd7 19. Nf4 Qe5 20. Nd3 Qe6 21. Bf1 Rf8 22. Re1 Ne8 23. Rc2 Qf6 24. Be3 Rd8 25. Bg5 Qe6 26. Nf4 Qd7 27. Nd5 Nc7 28. Nb6 Qe8 29. Nd5 Nxd5 30. exd5 Ne5 31. f4 f6 32. fxe5 fxg5 33. exd6 Rxd6 34. c5 Rdf6 35. Bc4 Bf5 36. Rcc1 Kh8 37. d6 e5 38. Na5 Qd7 39. b4 Re8 40. Bd5 Rb8 41. Nc4 e4 42. Nb6 Qd8 1-0

[Event "Oberliga Ost-A 1516"]
[Site "Germany"]
[Date "2016.03.13"]
[Round "9.6"]
[White "Liebert, Heinz"]
[Black "Porschberg, Thomas"]
[Result "1/2-1/2"]
[WhiteElo "2221"]
[BlackElo "1965"]
[PlyCount "42"]
[EventDate "2015.09.20"]
[EventType "team-tourn"]
[EventRounds "11"]
[EventCountry "GER"]
[SourceTitle "EXT 2017"]
[Source "ChessBase"]
[SourceDate "2016.10.25"]
[SourceVersion "1"]
[SourceVersionDate "2016.10.25"]
[SourceQuality "1"]
[WhiteTeam "Halle Volksbank"]
[BlackTeam "Bannewitz"]
[WhiteTeamCountry "GER"]
[BlackTeamCountry "GER"]

1. c4 e5 2. Nc3 Nf6 3. Nf3 Nc6 4. g3 Bb4 5. Bg2 0-0 6. 0-0 Bxc3 7. dxc3 h6 8. Ne1 d6 9. Nc2 Ne7 10. Ne3 Re8 11. Nd5 Nexd5 12. cxd5 Bf5 13. Be3 Qd7 14. Qb3 b6 15. c4 Bh3 16. f3 Bxg2 17. Kxg2 Qf5 18. Rae1 Qg6 19. Qd3 Qxd3 20. exd3 a5 21. Bf2 Nd7 1/2-1/2